1712 1472 1043 1418 1382 1243 1377 1294 1382 1670 1663 1588 1203 1032 1390 1443 1576 1046 1150 1180 1846 1481 1342 1370 1917 1073 1051 1173 1719 1291 1752 1209 1650 1948 1722 1333 1551 1791 1589 1617 1201 1086 1352 1508 1464 1179 1535 1545 1646 1987 1621 1935 1134 1065 1886 1229 1374 1340 1575 1798 1649 1255 1366 1369 1293 1378 1675 1086 1037 1533 1835 1009 1077 1935 1198 1691 1710 1030 1747 1086 1755 1954 1777 1239 1191 1737 1533 1234 1096 1262 1902 1141 1900 1686 1570 1686 1235 1755 1678 BCNSPRNW ULIB Ver.6.0+V

เปลี่ยนเป็นภาษาไทย

Change to English
 แสดงรายละเอียดบรรณานุกรม
  กลับหน้าหลัก

Brief Record : Get Marc (ISO 2709) : E-mail record : QR code < ปิดหน้าต่าง
LEADER : 00000nam 2200000uu 4500
001    13399112194
003     ULIB
008    110729s2543||||th 000 0 tha d
020    9748585786
020    9789748585789
040    cl
050  4 HD38.2^bช484ก 2543
100 0  ชาญชัย อาจินสมาจาร
245 10 ทักษะการกำกับดูแล =^bSupervisory skills /^cชาญชัย อาจินสมาจาร
246 31 Supervisory skills
250    พิมพ์ครั้งที่ 1
260    กรุงเทพฯ :^bมัลติอินฟอร์เมชั่นเทคโนโลยี,^c2543
300    96 หน้า :^bภาพประกอบ ;^c22 ซม.
650  4 การจัดการ
650  4 การบริหารงานบุคคล
650  4 นักบริหาร
945    ^p125^l0^i012551
945    ^p125^l0^i012552
945    ^p125^l0^i012553
945    ^p125^l0^i012554
945    ^p125^l0^i012555
995    ทศพร
999 ^a ทศพร
รายการนี้ยังไม่มีแท็ก
คุณยังไม่ได้ล็อกอิน คุณสามารถมีกิจกรรมร่วมกับเว็บไซต์ได้ แต่ต้องล็อกอินก่อน ::
  ล็อกอิน

รายการสื่อสารสนเทศ

ลำดับที่ ประเภท เลขเรียก/บาร์โค้ด สถานที่ สถานะ
- ไม่พบข้อมูล -

รายการใกล้เคียง
    ผู้แต่ง [ชาญชัย อาจินสมาจาร]

    หัวเรื่อง [การจัดการ]
    หัวเรื่อง [การบริหารงานบุคคล]
    หัวเรื่อง [นักบริหาร]

BibComment


ยังไม่เคยถูกคอมเมนท์

คอมเมนท์ทรัพยากรรายการนี้
  คอมเมนท์: ทักษะการกำกับดูแล..


 Copyright 2026. Bcnsprnw @Library